| 000 | 00828nam a22002537a 4500 | ||
|---|---|---|---|
| 005 | 20170123162302.0 | ||
| 010 | _aB-209333 | ||
| 020 |
_c100.00 _a8180420949 |
||
| 035 | _aB-209333 | ||
| 037 | _bCen Lib/Ret | ||
| 040 |
_aDPL _bUR |
||
| 082 |
_a230.1 _bرام |
||
| 100 |
_aیونوس اگاصکر _914097 |
||
| 245 |
_aراجہ جو کی رمیان بال کنمد / _cیونوس اگاصکر |
||
| 246 |
_aRajaji ki ramayan: baal kaand _bby Yunus Asagaskar |
||
| 260 |
_aنیی دہلی _bماڈرن پبلشنگ ہاؤس _c2005 |
||
| 270 |
_aگولا مارکیٹ دریاگنج _bنیی دہلی |
||
| 300 |
_a69p. _c21cm(Hb) |
||
| 650 |
_aہندو مذہب _9140111 |
||
| 650 |
_aرمیانا _9140112 |
||
| 650 |
_aHinduism _9140113 |
||
| 650 |
_aRamayana _9140114 |
||
| 942 |
_2ddc _cUR _m230.1 _eرام |
||
| 999 |
_c106069 _d106069 |
||